书目信息 |
| 题名: |
中外职业技术教育比较
|
|
| 作者: | 周蕖 , 周蕖 著 | |
| 分册: | ||
| 出版信息: | 北京 人民教育出版社 1991 |
|
| 页数: | 411页 | |
| 开本: | 20cm | |
| 丛书名: | ||
| 单 册: | ||
| 中图分类: | G710 | |
| 科图分类: | ||
| 主题词: | ||
| 电子资源: | ||
| ISBN: | 7-107-07087-8 | |
| 000 | 00637nam0 2200229 450 | |
| 001 | 1540466179 | |
| 005 | 20150203111511.40 | |
| 010 | @a7-107-07087-8@dCNY6.10 | |
| 100 | @a19990306d1991 ekmy0chiy0120 ea | |
| 101 | 0 | @achi |
| 102 | @aCN@b110000 | |
| 105 | @ay z 000yy | |
| 200 | 1 | @a中外职业技术教育比较@9Zhong Wai Zhi Ye Ji Shu Jiao Yu Bi Jiao@f周蕖主编@Fzhou qu zhu bian |
| 205 | @b1 | |
| 210 | @a北京@c人民教育出版社@d1991 | |
| 215 | @a411页@d20cm | |
| 300 | @a高等学校文科教材 | |
| 690 | @aG710@v5 | |
| 701 | 0 | @a周蕖@9Zhou Qu@4著 |
| 701 | 0 | @a周蕖@Azhou qu@4主编 |
| 801 | 0 | @aCN@bTSSF@c20150203 |
| 905 | @aZUCC@dG710@eJY2 | |
| 中外职业技术教育比较/周蕖主编.-1.-北京:人民教育出版社,1991 |
| 411页;20cm |
| 高等学校文科教材 |
| ISBN 7-107-07087-8:CNY6.10 |
| ● |
| 相关链接 |
|
|
|
|
正题名:中外职业技术教育比较
索取号:G710/JY2
 
预约/预借
| 序号 | 登录号 | 条形码 | 馆藏地/架位号 | 状态 | 备注 |
| 1 | 7865295 | 278652959 | 学院路分馆/ [索取号:G710/JY2] | 在馆 |